000 00676nam a22001697a 4500
020 _qHard Cover.
082 _a371.33
100 _aAsrar, Ramsha
245 _aIMPACT OF DIGITAL GAME-BASED FORMATIVE ASSESSMENT ON LEARNING QUALITY AND EFFICIENCY :
_bUSING GAME-BASED APPLICATION TO ASSESS ENGLISH VOCABULARY IN PRIMARY LEVEL STUDENTS /
_cRamsha Asrar.
260 _aIslambad:
_bSEECS - NUST,
_c2018.
300 _a106 p. : ill. ;
_c30cm.
650 _aPh. D. Thesis.
_919288
700 _aDr. Muhamamd Muddassir Malik.
_919589
856 _uhttp://10.250.8.41:8080/xmlui/handle/123456789/17804
942 _2ddc
_cTHE
999 _c528057
_d528057